La actualidad de lo real en Zubiri: crítica a Husserl y Heidegger

Saved in:
Bibliografiske detaljer
Hovedforfatter: Villa Sánchez, José Alfonso (Author)
Format: Bog
Sprog:spansk
Udgivet: Madrid Plaza y Valdés Editores 2014
Udgivelse:1a. ed
Fag:
Tags: Tilføj Tag
Ingen Tags, Vær først til at tagge denne postø!

MARC

LEADER 00000cam a2200000 a 4500
001 UCE8121
003 CL-VaPUC
005 20240820103304.0
008 150728e20140000sp |||||||||||||||||spa|d
999 |c 360071  |d 360069 
020 |a 9786074027150 
040 |c Pontificia Universidad Católica de Valparaíso 
082 0 4 |a 142.7 VIL 2014  |2 21 
100 0 |a Villa Sánchez, José Alfonso  |e author  |9 580854 
245 1 3 |a La actualidad de lo real en Zubiri: crítica a Husserl y Heidegger 
250 |a 1a. ed 
260 |a Madrid  |b Plaza y Valdés Editores  |c 2014 
300 |a 328 p 
583 |a last modification  |c 20150728 02:04:00  |k Rodrigo Vera 
600 0 7 |a ZUBIRI, XAVIER  |2 CL-VaPUC  |9 216 
600 0 7 |a Husserl, Edmund  |d 1859-1938  |9 575718 
650 0 |a Fenomenología  |9 256519 
650 0 |a Filosofía de las ciencias  |9 256466 
650 0 |a Hermenéutica  |9 269473 
852 |a BIBCUR 
942 |c BK  |2 ddc 
945 |d 20150728 02:04:00  |a dcastane 
952 |0 0  |1 0  |3 erb  |4 0  |6 142_700000000000000_VIL_2014  |7 0  |8 A  |9 469698  |a BIBEDU  |b BIBEDU  |i 5191491  |o 142.7 VIL 2014  |p 5191491  |r 2019-11-23  |w 2019-11-23  |y BK  |z Catalogado en:20150728  |k FIL 
952 |0 0  |1 0  |2 ddc  |3 erb  |4 0  |6 142_700000000000000_VIL_2014  |7 0  |8 A  |9 561048  |a BIBTEO  |b BIBTEO  |d 2020-03-12  |i 560799K  |o 142.7 VIL 2014  |p 560799K  |r 2025-01-17  |w 2019-11-23  |y BK  |z Catalogado en:20150728  |k ICR